| 000 | 00403nam a22001697a 4500 | ||
|---|---|---|---|
| 005 | 20160623155250.0 | ||
| 008 | 160623b xxu||||| |||| 00| 0 eng d | ||
| 020 | _a978-81-7596-067-1 | ||
| 041 | _aeng | ||
| 082 | _b9634 | ||
| 100 |
_aHewings, Martin _92598 |
||
| 245 | _aAdvanced English Grammer | ||
| 260 |
_bcombridge Uni. Press _c2009 |
||
| 300 | _a288 | ||
| 650 |
_aManagement _9241 |
||
| 942 | _cBK | ||
| 999 |
_c3709 _d3708 |
||